[Event "Championnat de France"]
[Site "Besançon"]
[Date "2006.08.17"]
[Round "4"]
[White "Guidarelli, Laurent"]
[Black "Renet, Olivier"]
[Result "1/2-1/2"]
[WhiteElo "2437"]
[BlackElo "2507"]
[PlyCount "29"]
[EventDate "2006.??.??"]

1. d4 Nf6 2. c4 e6 3. Nf3 d5 4. Nc3 Bb4 5. cxd5 exd5 6. Bg5 h6 7. Bh4 g5 8. Bg3
Ne4 9. Rc1 h5 10. h4 Nxg3 11. fxg3 Qd6 12. Kf2 gxh4 13. Rxh4 Bxc3 14. Rxc3 Nc6
15. e4 1/2-1/2

[Event "Championnat de France"]
[Site "Besançon"]
[Date "2006.08.18"]
[Round "5"]
[White "Verot, Melanie"]
[Black "Choisy, Mathilde"]
[Result "1/2-1/2"]
[WhiteElo "2111"]
[BlackElo "2145"]
[PlyCount "86"]
[EventDate "2006.??.??"]

1. d4 Nf6 2. Nf3 g6 3. c4 Bg7 4. Nc3 O-O 5. Bg5 d6 6. e3 c6 7. Be2 a6 8. a4
Nbd7 9. O-O h6 10. Bh4 Qc7 11. Nd2 e5 12. Bg3 Nh7 13. dxe5 dxe5 14. e4 a5 15.
Qc2 Ng5 16. f4 exf4 17. Bxf4 Qb6+ 18. Kh1 Ne6 19. Bd6 Nd4 20. Qd1 Re8 21. Rb1
Nc5 22. Bg4 Be6 23. e5 Rad8 24. Bxe6 Ncxe6 25. Nf3 Nf5 26. Qc1 Nxd6 27. exd6
Rxd6 28. Ne4 Rdd8 29. b3 Nc5 30. Nxc5 Qxc5 31. Qf4 Qd6 32. Qh4 Qf6 33. Qg3 Qd6
34. Qf2 Rf8 35. Rbe1 Rde8 36. Rd1 Qf6 37. Qd2 Qc3 38. Qxc3 Bxc3 39. Rd7 Rb8 40.
Rfd1 b5 41. Rc1 Bb2 42. Rc2 Bg7 43. h3 bxa4 1/2-1/2

[Event "Championnat de France"]
[Site "Besançon"]
[Date "2006.08.18"]
[Round "5"]
[White "Benmesbah, Natacha"]
[Black "Leconte, Maria"]
[Result "1/2-1/2"]
[WhiteElo "2125"]
[BlackElo "2304"]
[PlyCount "22"]
[EventDate "2006.??.??"]

1. e4 e6 2. d4 d5 3. exd5 exd5 4. Bf4 Nc6 5. c3 Bd6 6. Bxd6 Qxd6 7. Bd3 Nf6 8.
Nf3 O-O 9. O-O Bg4 10. Nbd2 Rfe8 11. Qc2 Re7 1/2-1/2

[Event "Championnat de France"]
[Site "Besançon"]
[Date "2006.08.18"]
[Round "5"]
[White "Esposito, Marie Christine"]
[Black "Wohlers Armas, Friederike"]
[Result "1/2-1/2"]
[WhiteElo "2130"]
[BlackElo "2122"]
[PlyCount "72"]
[EventDate "2006.??.??"]

1. d4 g6 2. Nf3 Bg7 3. Bf4 d6 4. e3 a6 5. Be2 b6 6. O-O Bb7 7. c4 Nd7 8. h3 h6
9. Nc3 e6 10. b4 e5 11. Bh2 Ne7 12. Qb3 O-O 13. dxe5 dxe5 14. Rad1 Qe8 15. Rd2
e4 16. Nd4 Ne5 17. a4 Qc8 18. Qc2 c5 19. bxc5 bxc5 20. Nb3 Nf3+ 21. Bxf3 exf3
22. Nd5 Nxd5 23. cxd5 fxg2 24. Kxg2 Qd8 25. e4 c4 26. Qxc4 Rc8 27. Qe2 Rc3 28.
Rd3 Rxd3 29. Qxd3 f5 30. f3 Qg5+ 31. Kh1 fxe4 32. fxe4 Rxf1+ 33. Qxf1 Qe3 34.
Qc4 Qxh3 35. Nc5 Be5 36. Qe2 Bxh2 1/2-1/2

[Event "Championnat de France"]
[Site "Besançon"]
[Date "2006.08.18"]
[Round "5"]
[White "Muller, Anne"]
[Black "Guichard, Pauline"]
[Result "0-1"]
[WhiteElo "2181"]
[BlackElo "2227"]
[PlyCount "87"]
[EventDate "2006.??.??"]

1. e4 c5 2. Nf3 Nc6 3. d4 cxd4 4. Nxd4 e5 5. Nb5 d6 6. N1c3 a6 7. Na3 b5 8. Nd5
Nge7 9. c4 Nd4 10. Be3 Nxd5 11. cxd5 g6 12. Bd3 Bg7 13. O-O O-O 14. Qd2 f5 15.
f4 fxe4 16. Bxe4 Nf5 17. Bxf5 Bxf5 18. Rac1 Rc8 19. Rxc8 Bxc8 20. Nb1 Bb7 21.
Nc3 exf4 22. Rxf4 Rxf4 23. Bxf4 Qf6 24. a3 Qd4+ 25. Qxd4 Bxd4+ 26. Kf1 Be5 27.
g3 Kf7 28. Kf2 Kf6 29. h4 Kf5 30. Kf3 h5 31. Bd2 Bd4 32. Bf4 Bc5 33. Bh6 a5 34.
Bf4 b4 35. axb4 axb4 36. Na4 Bxd5+ 37. Ke2 Bc4+ 38. Kf3 Bd4 39. Bxd6 Bb5 40.
Nc5 Bxb2 41. Ke3 Be5 42. Be7 Bc4 43. Ne4 b3 44. Bd6 0-1

[Event "Championnat de France"]
[Site "Besançon"]
[Date "2006.08.18"]
[Round "5"]
[White "Flear, Christine"]
[Black "Roumegous, Marina"]
[Result "1-0"]
[WhiteElo "2198"]
[BlackElo "2203"]
[PlyCount "37"]
[EventDate "2006.??.??"]

1. d4 d5 2. c4 e6 3. Nc3 c6 4. e3 Bd6 5. Bd2 f5 6. g4 Nh6 7. gxf5 Nxf5 8. Bd3
O-O 9. Qe2 b6 10. O-O-O Ba6 11. f4 Nd7 12. Nf3 Nf6 13. e4 dxe4 14. Nxe4 Bc7 15.
Neg5 Nh5 16. Qxe6+ Kh8 17. Nf7+ Rxf7 18. Qxf7 g6 19. Bxf5 1-0

[Event "Championnat de France"]
[Site "Besançon"]
[Date "2006.08.18"]
[Round "5"]
[White "Skripchenko, Almira"]
[Black "Congiu, Mathilde"]
[Result "1-0"]
[WhiteElo "2421"]
[BlackElo "2115"]
[PlyCount "61"]
[EventDate "2006.??.??"]

1. Nf3 d5 2. c4 e6 3. g3 Nf6 4. Bg2 Be7 5. O-O O-O 6. d4 Nbd7 7. Nc3 dxc4 8. e4
c5 9. d5 exd5 10. e5 Ng4 11. Qxd5 Nb6 12. Qe4 Qd3 13. h3 Qxe4 14. Nxe4 Nh6 15.
Be3 Nf5 16. Bxc5 Na4 17. Bxe7 Nxe7 18. b3 Nb6 19. Nd4 Bd7 20. Nd6 Nc6 21. Nxc6
Bxc6 22. Bxc6 bxc6 23. bxc4 Nd7 24. f4 Nc5 25. Rae1 Rab8 26. Re3 Rfd8 27. Ra3
Nb7 28. Rb1 Nxd6 29. Rxb8 Rxb8 30. exd6 Rb7 31. Ra6 1-0

[Event "Championnat de France"]
[Site "Besançon"]
[Date "2006.08.18"]
[Round "5"]
[White "Prie, Eric"]
[Black "Maze, Sebastien"]
[Result "0-1"]
[WhiteElo "2507"]
[BlackElo "2526"]
[PlyCount "88"]
[EventDate "2006.??.??"]

1. d4 Nf6 2. Nf3 g6 3. Bf4 Bg7 4. e3 O-O 5. Be2 d6 6. c4 Nh5 7. Bg5 h6 8. Bh4
g5 9. Bg3 f5 10. Nc3 c6 11. Qc2 Qe8 12. O-O-O Nd7 13. d5 Nc5 14. Nd4 Bd7 15. f4
gxf4 16. exf4 Rc8 17. Kb1 cxd5 18. Nxd5 Nxg3 19. hxg3 Ne4 20. Bf3 e6 21. Ne3 d5
22. g4 dxc4 23. gxf5 exf5 24. Ndxf5 Bxf5 25. Nxf5 Rxf5 26. Bxe4 Rb5 27. Bf5
Rxb2+ 28. Qxb2 Bxb2 29. Bd7 Qe4+ 30. Kxb2 c3+ 31. Ka1 Qe2 32. Rb1 Rc7 33. Ba4
Kg7 34. Rhc1 Qd2 35. Bc2 Qxf4 36. a4 b6 37. Ka2 Rc4 38. Ka3 Qd6+ 39. Ka2 Rb4
40. Bb3 Qd4 41. Ka3 Qc5 42. Ka2 Qc6 43. Ka3 Rg4 44. Rc2 Rxg2 0-1

[Event "Championnat de France"]
[Site "Besançon"]
[Date "2006.08.18"]
[Round "5"]
[White "Le Roux, Jean Pierre"]
[Black "Kosten, Anthony"]
[Result "1/2-1/2"]
[WhiteElo "2496"]
[BlackElo "2530"]
[PlyCount "129"]
[EventDate "2006.??.??"]

1. d4 Nf6 2. c4 e6 3. Nf3 Bb4+ 4. Bd2 a5 5. g3 d5 6. Qc2 c5 7. dxc5 O-O 8. Bg2
Nc6 9. O-O d4 10. Bxb4 axb4 11. Nbd2 Qe7 12. Rfd1 e5 13. Ne4 Bf5 14. Nfd2 Rfd8
15. Nb3 Kh8 16. a3 bxa3 17. bxa3 Bxe4 18. Bxe4 Nxe4 19. Qxe4 Qe6 20. g4 Qxc4
21. Rd3 Qd5 22. Nd2 Kg8 23. Rb1 Ra7 24. Qxd5 Rxd5 25. Ne4 h6 26. Kg2 Nd8 27.
Rdb3 Ra6 28. h4 Ra5 29. h5 Rd7 30. f3 Rc7 31. Kf2 Ra7 32. Rc1 Ne6 33. Rc4 Ra6
34. a4 Rac6 35. Rb5 Kf8 36. Ke1 Ke7 37. Kd2 b6 38. cxb6 Rxc4 39. bxc7 f6 40. a5
Nxc7 41. Kd3 Ra4 42. Rb7 Kd8 43. Ra7 Ne6 44. Nd6 Nf4+ 45. Kc2 Nxe2 46. Rxg7
Ra2+ 47. Kb3 Nc1+ 48. Kc4 d3 49. Kd5 Ne2 50. Nb7+ Kc8 51. Nd6+ Kb8 52. Nc4 d2
53. Nxd2 Rxd2+ 54. Ke4 Ng3+ 55. Ke3 Nf1+ 56. Ke4 Rd4+ 57. Kf5 Rf4+ 58. Kg6 Rxf3
59. Kxh6 e4 60. Kg6 Nh2 61. Re7 Nxg4 62. Rxe4 f5 63. Re7 Rh3 64. Kxf5 Rxh5+ 65.
Kxg4 1/2-1/2

[Event "Championnat de France"]
[Site "Besançon"]
[Date "2006.08.18"]
[Round "5"]
[White "Renet, Olivier"]
[Black "Relange, Eloi"]
[Result "1-0"]
[WhiteElo "2507"]
[BlackElo "2494"]
[PlyCount "142"]
[EventDate "2006.??.??"]

1. e4 c5 2. Nf3 d6 3. d4 cxd4 4. Nxd4 Nf6 5. Nc3 a6 6. Be2 e6 7. O-O Be7 8. a4
Nc6 9. Be3 O-O 10. f4 Qc7 11. Kh1 Re8 12. Bf3 Bf8 13. Qd2 Na5 14. b3 Bd7 15.
Nde2 e5 16. fxe5 dxe5 17. Bg5 Be6 18. Bxf6 gxf6 19. Ng3 Nc6 20. Nd5 Qd8 21. c3
Bg7 22. Rad1 Ne7 23. Qc2 Ng6 24. Nf5 Kh8 25. Be2 Bxd5 26. Rxd5 Qc7 27. Rfd1
Rad8 28. Nd6 Kg8 29. Bc4 Nf4 30. R5d2 Ne6 31. Nf5 Rxd2 32. Rxd2 Rd8 33. Bd5 Kh8
34. g3 b5 35. axb5 axb5 36. b4 Rc8 37. Qb3 Qb6 38. Kg2 Bf8 39. Ra2 Kg8 40. Ra3
Nd8 41. Qa2 Qc7 42. Qe2 Qd7 43. Qg4+ Kh8 44. Qf3 Ne6 45. Qf2 Qd8 46. Qa2 Qd7
47. Ra7 Rc7 48. Ra8 Kg8 49. Nh6+ Kg7 50. Nf5+ Kg8 51. Qd2 Rc8 52. Ra6 Kh8 53.
Qd3 h6 54. h4 Kh7 55. Rb6 Kg6 56. Rb7 Rc7 57. Rb8 h5 58. Kh3 Rc8 59. Rxc8 Qxc8
60. Qxb5 Ng7 61. Qc4 Qd7 62. Kg2 Nxf5 63. exf5+ Kg7 64. Qd3 e4 65. Bxe4 Qc7 66.
Bf3 Bd6 67. Bxh5 Be5 68. c4 Kh6 69. Be2 Qb6 70. Qd2+ Kg7 71. Bh5 Qxb4 1-0

[Event "Championnat de France"]
[Site "Besançon"]
[Date "2006.08.18"]
[Round "5"]
[White "Marzolo, Cyril"]
[Black "Guidarelli, Laurent"]
[Result "1/2-1/2"]
[WhiteElo "2440"]
[BlackElo "2437"]
[PlyCount "22"]
[EventDate "2006.??.??"]

1. d4 Nf6 2. c4 g6 3. Nc3 Bg7 4. e4 d6 5. Nf3 O-O 6. Be2 e5 7. O-O a5 8. Re1
Nc6 9. dxe5 dxe5 10. Bg5 Qxd1 11. Raxd1 Bg4 1/2-1/2

[Event "Championnat de France"]
[Site "Besançon"]
[Date "2006.08.18"]
[Round "5"]
[White "Gozzoli, Yannick"]
[Black "Marcelin, Cyril"]
[Result "1/2-1/2"]
[WhiteElo "2470"]
[BlackElo "2481"]
[PlyCount "33"]
[EventDate "2006.??.??"]

1. d4 d5 2. c4 c6 3. Nc3 Nf6 4. Nf3 e6 5. e3 a6 6. b3 Bb4 7. Bd2 Nbd7 8. Bd3
O-O 9. O-O Bd6 10. Qc2 h6 11. Rad1 e5 12. cxd5 cxd5 13. e4 dxe4 14. Nxe4 Nxe4
15. Bxe4 exd4 16. Nxd4 Nf6 17. Nf5 1/2-1/2

[Event "Championnat de France"]
[Site "Besançon"]
[Date "2006.08.18"]
[Round "5"]
[White "Apicella, Manuel"]
[Black "Miralles, Gilles"]
[Result "1-0"]
[WhiteElo "2520"]
[BlackElo "2504"]
[PlyCount "101"]
[EventDate "2006.??.??"]

1. e4 Nf6 2. e5 Nd5 3. d4 d6 4. Nf3 g6 5. Be2 Bg7 6. O-O O-O 7. c4 Nb6 8. exd6
cxd6 9. h3 Nc6 10. Nc3 Bf5 11. Be3 d5 12. c5 Nc4 13. Bc1 e5 14. dxe5 N4xe5 15.
Nxe5 Bxe5 16. Qxd5 Qa5 17. Be3 Rad8 18. Qb3 Nd4 19. Bxd4 Bxd4 20. Qxb7 Qxc5 21.
Rad1 Rfe8 22. Qb5 Qd6 23. Bf3 a6 24. Qc6 Re6 25. Qc4 Qf4 26. Bd5 Rxd5 27. Qc8+
Kg7 28. Nxd5 Qh4 29. Rxd4 Qxd4 30. Qc3 Qxc3 31. Nxc3 Rb6 32. b3 Rc6 33. Rc1 h5
34. h4 Rd6 35. Rd1 Rc6 36. Rc1 Rd6 37. Rd1 Rc6 38. Nd5 Rc2 39. Nb4 Rb2 40. Rd5
Rb1+ 41. Kh2 Rb2 42. f3 Bc8 43. Ra5 Bb7 44. Kg3 f5 45. Nxa6 f4+ 46. Kxf4 Rxg2
47. Nc5 Bc8 48. Ra7+ Kh6 49. Ne4 Rh2 50. Ke5 Rxh4 51. f4 1-0

[Event "Championnat de France"]
[Site "Besançon"]
[Date "2006.08.19"]
[Round "6"]
[White "Renet, Olivier"]
[Black "Marzolo, Cyril"]
[Result "1-0"]
[WhiteElo "2507"]
[BlackElo "2440"]
[PlyCount "61"]
[EventDate "2006.??.??"]

1. e4 e6 2. d4 d5 3. exd5 exd5 4. Nf3 Nc6 5. h3 Bd6 6. c4 dxc4 7. Bxc4 Nf6 8.
O-O O-O 9. Nc3 Bf5 10. Bg5 h6 11. Bh4 g5 12. Bg3 Bg6 13. Ne5 Bxe5 14. Bxe5 Nd7
15. Bg3 Nb6 16. Bd3 Qxd4 17. Bxg6 fxg6 18. Bxc7 Qxd1 19. Raxd1 Nc4 20. b3 Rf7
21. Bg3 Nb6 22. Rd6 Kg7 23. Re1 Nc8 24. Rdd1 N8e7 25. f3 Nf5 26. Bf2 Rc8 27.
Ne4 Re8 28. Rd5 b6 29. Rc1 Nce7 30. Rd7 Rc8 31. Rcd1 1-0

-0

[Event "Championnat de France"]
[Site "Besançon"]
[Date "2006.08.19"]
[Round "6"]
[White "Kosten, Anthony C"]
[Black "Prie, Eric"]
[Result "1-0"]
[WhiteElo "2530"]
[BlackElo "2507"]
[PlyCount "77"]
[EventDate "2006.??.??"]

1. c4 c6 2. e4 d5 3. cxd5 cxd5 4. exd5 Nf6 5. Nc3 Nxd5 6. Nf3 e6 7. d4 Be7 8.
Bd3 Na6 9. O-O Nac7 10. Ne5 O-O 11. Re1 Bd7 12. Qg4 f5 13. Qf3 Be8 14. Bc4 Nb4
15. Qe2 b5 16. Bb3 a5 17. Nf3 Bh5 18. Bf4 Kh8 19. Bxc7 Qxc7 20. Qxe6 Bf6 21.
Ne5 Ra6 22. Qxf5 Be8 23. a3 Nc6 24. Nd5 Qd8 25. Nxf6 Rxf6 26. Nxc6 Bxc6 27. Qe5
a4 28. Ba2 Qf8 29. d5 Bd7 30. Qe3 Rf4 31. Rac1 Raf6 32. f3 Qb8 33. Qe5 Qb6+ 34.
Kh1 h6 35. Qc7 Qf2 36. Qxd7 Rg6 37. Qe8+ Kh7 38. Qe2 Rxg2 39. Bb1+ 1-0

-0

[Event "Championnat de France"]
[Site "Besançon"]
[Date "2006.08.19"]
[Round "6"]
[White "Marcelin, Cyril"]
[Black "Apicella, Manuel"]
[Result "1-0"]
[WhiteElo "2481"]
[BlackElo "2520"]
[PlyCount "101"]
[EventDate "2006.??.??"]

1. d4 Nf6 2. c4 g6 3. Nc3 Bg7 4. e4 d6 5. Nf3 O-O 6. Be2 e5 7. Be3 Na6 8. O-O
c6 9. d5 Ng4 10. Bg5 f6 11. Bh4 c5 12. Ne1 Nh6 13. Nd3 Qe8 14. Rb1 f5 15. f3
Nf7 16. b4 Bh6 17. Bf2 cxb4 18. Nxb4 Nxb4 19. Rxb4 b6 20. a4 Bd7 21. a5 bxa5
22. Rb7 a4 23. Nb5 Bxb5 24. Rxb5 fxe4 25. fxe4 Ng5 26. Bd3 Rf4 27. Qe2 Qd7 28.
Rfb1 Raf8 29. Be3 R4f7 30. c5 Nf3+ 31. gxf3 Bxe3+ 32. Qxe3 Rxf3 33. Qe2 Qg4+
34. Kh1 Qh4 35. Rb8 Kg7 36. Rxf8 Rxf8 37. Rb7+ Kh6 38. Qe3+ g5 39. Rb2 dxc5 40.
Qxc5 Qf4 41. Rg2 Rf6 42. d6 Qf3 43. Qc1 Rf4 44. Bb5 Rg4 45. Qf1 Qxf1+ 46. Bxf1
Rf4 47. Bb5 Rxe4 48. Rd2 a3 49. d7 a2 50. Rxa2 Rd4 51. Rxa7 1-0

-0

[Event "Championnat de France"]
[Site "Besançon"]
[Date "2006.08.19"]
[Round "6"]
[White "Maze, Sebastien"]
[Black "Gozzoli, Yannick"]
[Result "0-1"]
[WhiteElo "2526"]
[BlackElo "2470"]
[PlyCount "52"]
[EventDate "2006.??.??"]

1. e4 e5 2. Nf3 Nc6 3. Bb5 f5 4. d3 Nf6 5. O-O fxe4 6. dxe4 Bc5 7. Qd3 d6 8.
Nc3 O-O 9. Bxc6 bxc6 10. Nxe5 Qe8 11. Nf3 a5 12. Qc4+ Kh8 13. e5 Ng4 14. exd6
Qh5 15. h3 Nxf2 16. Rxf2 Rxf3 17. Ne4 Rxf2 18. Nxc5 Rf8 19. dxc7 Qd1+ 20. Kh2
Qd6+ 21. Kg1 Bxh3 22. Qc3 Bxg2 23. Kxg2 Qg6+ 24. Qg3 Qxc2+ 25. Kh1 Qd1+ 26. Kh2
Qe2+ 0-1

-1

[Event "Championnat de France"]
[Site "Besançon"]
[Date "2006.08.19"]
[Round "6"]
[White "Guidarelli, Laurent"]
[Black "Le Roux, Jean Pierre"]
[Result "1-0"]
[WhiteElo "2437"]
[BlackElo "2496"]
[PlyCount "81"]
[EventDate "2006.??.??"]

1. d4 f5 2. Nc3 d5 3. e4 dxe4 4. f3 e5 5. dxe5 Qxd1+ 6. Kxd1 Nc6 7. Nd5 Kd8 8.
f4 Be6 9. Ne3 Bc5 10. Nh3 h6 11. c3 Nge7 12. Bc4 Kd7 13. Ke2 Bxe3 14. Bxe6+
Kxe6 15. Bxe3 Rhd8 16. Nf2 Nd5 17. Rad1 Na5 18. Bc1 Rd7 19. Rhg1 Rad8 20. g4 c5
21. Rdf1 Nc4 22. gxf5+ Kxf5 23. Nh1 e3 24. Ng3+ Ke6 25. Ne4 b6 26. b3 Nd2 27.
Nxd2 Nxf4+ 28. Kxe3 g5 29. Rxf4 Rd3+ 30. Ke4 gxf4 31. Nf3 Rxc3 32. Rg6+ Ke7 33.
Bxf4 Rdd3 34. Nh4 Rd4+ 35. Kf5 Rc2 36. Rxh6 Rxa2 37. Rh7+ Kd8 38. e6 Kc8 39.
Ng6 Re2 40. Rc7+ Kd8 41. e7+ 1-0

-0

[Event "Championnat de France"]
[Site "Besançon"]
[Date "2006.08.19"]
[Round "6"]
[White "Roumegous, Marina"]
[Black "Verot, Melanie"]
[Result "1-0"]
[WhiteElo "2203"]
[BlackElo "2111"]
[PlyCount "35"]
[EventDate "2006.??.??"]

1. d4 d5 2. Bg5 f6 3. Bh4 Nh6 4. f3 Nc6 5. c4 Nf5 6. Bf2 e5 7. cxd5 Bb4+ 8. Nd2
Ncxd4 9. e4 Nd6 10. Bxd4 exd4 11. Qa4+ c6 12. Qxb4 cxd5 13. Qxd4 Be6 14. Bd3
O-O 15. Ne2 Qa5 16. b4 Qa3 17. exd5 Bf5 18. Ne4 1-0

[Event "Championnat de France"]
[Site "Besançon"]
[Date "2006.08.19"]
[Round "6"]
[White "Congiu, Mathilde"]
[Black "Leconte, Maria"]
[Result "1/2-1/2"]
[WhiteElo "2115"]
[BlackElo "2304"]
[PlyCount "55"]
[EventDate "2006.??.??"]

1. e4 e6 2. d4 c5 3. c3 b6 4. Be3 Bb7 5. Nd2 Nf6 6. Bd3 Be7 7. Ne2 d6 8. O-O
Nbd7 9. Ng3 h5 10. f3 h4 11. Ne2 e5 12. b4 O-O 13. bxc5 dxc5 14. d5 Re8 15. Bf2
Nh5 16. Bb5 a6 17. Bxd7 Qxd7 18. Nc4 Bd8 19. Qe1 a5 20. Rb1 b5 21. Nd2 h3 22.
g3 c4 23. a4 bxa4 24. Nxc4 Bxd5 25. exd5 Qxd5 26. Nd2 Qd3 27. Nc1 Qxc3 28. Qe3
1/2-1/2

[Event "Championnat de France"]
[Site "Besançon"]
[Date "2006.08.19"]
[Round "6"]
[White "Wohlers Armas, Friederike"]
[Black "Muller, Anne"]
[Result "0-1"]
[WhiteElo "2122"]
[BlackElo "2181"]
[PlyCount "78"]
[EventDate "2006.??.??"]

1. d4 Nf6 2. c4 e6 3. Nc3 Bb4 4. a3 Bxc3+ 5. bxc3 c5 6. e4 Nxe4 7. Qg4 Nf6 8.
Qxg7 Rg8 9. Qh6 Rg6 10. Qe3 Nc6 11. Nh3 b6 12. Nf4 Rg8 13. dxc5 bxc5 14. Qxc5
Ba6 15. Rb1 Rc8 16. Qe3 Ng4 17. Qh3 Qf6 18. Be2 Nce5 19. O-O Bxc4 20. Bxc4 Nxc4
21. Rb7 a5 22. a4 Nd6 23. Rb3 Nc4 24. Re1 Qg7 25. Qf3 Nge5 26. Qe2 Qg4 27. h3
Qxe2 28. Rxe2 Ke7 29. Rb5 f6 30. Kf1 Rb8 31. Be3 Rxb5 32. axb5 Rb8 33. Bd4 Rxb5
34. Nh5 f5 35. f4 Rb1+ 36. Kf2 Nd3+ 37. Kg3 a4 38. Ra2 a3 39. Nf6 Nc1 0-1

[Event "Championnat de France"]
[Site "Besançon"]
[Date "2006.08.19"]
[Round "6"]
[White "Guichard, Pauline"]
[Black "Flear, Christine"]
[Result "1/2-1/2"]
[WhiteElo "2227"]
[BlackElo "2198"]
[PlyCount "70"]
[EventDate "2006.??.??"]

1. d4 f5 2. g3 Nf6 3. Bg2 e6 4. Nf3 Be7 5. O-O O-O 6. c4 d6 7. b3 Ne4 8. Bb2
Bf6 9. Nfd2 Nxd2 10. Nxd2 Nc6 11. e3 e5 12. d5 Nb8 13. b4 Nd7 14. Qc2 a5 15. a3
e4 16. Bxf6 Qxf6 17. Rab1 Ne5 18. c5 Qf7 19. cxd6 cxd6 20. Nc4 Nxc4 21. Qxc4
axb4 22. axb4 Bd7 23. Qc7 Bb5 24. Rfc1 Qxd5 25. Bf1 Bxf1 26. Kxf1 Ra2 27. Qc4
Qxc4+ 28. Rxc4 Rfa8 29. Rbc1 Kf7 30. Rc7+ Ke6 31. Rxb7 Rb2 32. Rcc7 g6 33. g4
fxg4 34. Rxh7 Rf8 35. Rbe7+ Kd5 1/2-1/2

[Event "Championnat de France"]
[Site "Besançon"]
[Date "2006.08.19"]
[Round "6"]
[White "Choisy, Mathilde"]
[Black "Benmesbah, Natacha"]
[Result "1/2-1/2"]
[WhiteElo "2145"]
[BlackElo "2125"]
[PlyCount "83"]
[EventDate "2006.??.??"]

1. e4 c5 2. Nf3 d6 3. Bb5+ Nd7 4. c3 Ngf6 5. Qe2 a6 6. Ba4 e5 7. O-O Be7 8. d4
O-O 9. Rd1 b5 10. Bc2 Qc7 11. a4 cxd4 12. cxd4 Bb7 13. Bg5 h6 14. Bh4 Rac8 15.
Bd3 bxa4 16. Nc3 a3 17. Rxa3 exd4 18. Nxd4 d5 19. Raa1 Bc5 20. Nf5 dxe4 21.
Bxa6 Bxa6 22. Rxa6 Qf4 23. Bxf6 Nxf6 24. Ng3 Rfe8 25. Ra4 Ng4 26. Rf1 f5 27.
Nd5 Qe5 28. Ne3 Nxe3 29. fxe3 f4 30. Nxe4 Bxe3+ 31. Kh1 Qe6 32. Nc3 Rcd8 33.
Qc4 Qxc4 34. Rxc4 Rd2 35. b3 Rb8 36. Ne4 Rb2 37. Nc5 Rc8 38. Nd3 Rxc4 39. bxc4
Rc2 40. c5 Rc3 41. Rd1 Rc4 42. g3 1/2-1/2

[Event "Championnat de France"]
[Site "Besançon"]
[Date "2006.08.21"]
[Round "7"]
[White "Verot, Melanie"]
[Black "Guichard, Pauline"]
[Result "*"]
[WhiteElo "2111"]
[BlackElo "2227"]
[PlyCount "127"]
[EventDate "2006.??.??"]

1. d4 d5 2. c4 c6 3. Nc3 Nf6 4. e3 e6 5. Nf3 Nbd7 6. Bd3 Bd6 7. e4 dxe4 8. Nxe4
Nxe4 9. Bxe4 e5 10. O-O O-O 11. dxe5 Nxe5 12. Nxe5 Bxe5 13. Bxh7+ Kxh7 14. Qh5+
Kg8 15. Qxe5 Re8 16. Qc3 Bf5 17. Be3 Qd3 18. Qb4 Bh3 19. Qc5 Bxg2 20. Rfd1 Qg6
21. Qg5 Qxg5 22. Bxg5 Bh3 23. Rd3 Bf5 24. Rg3 Re2 25. Bf6 Bg6 26. Bc3 Kh7 27.
Rd1 Rae8 28. Rd7 R2e7 29. Rd1 f6 30. Bb4 Re5 31. Rd7 c5 32. Bc3 R5e7 33. Rd5
Re1+ 34. Bxe1 Rxe1+ 35. Kg2 Be4+ 36. Kh3 Bxd5 37. cxd5 Rd1 38. Rb3 b6 39. Ra3
Rxd5 40. Rxa7 Rd2 41. b3 Rxf2 42. Ra6 Kg6 43. Kg3 Rc2 44. h3 b5 45. Rc6 b4 46.
Ra6 Kf5 47. Rc6 Rc3+ 48. Kg2 Kf4 49. h4 Kg4 50. Rc7 Rc2+ 51. Kg1 Kxh4 52. Rxg7
Rxa2 53. Kf1 c4 54. Rb7 Kg3 55. bxc4 Kf3 56. Kg1 f5 57. Rxb4 Rc2 58. Rb5 f4 59.
Rc5 Rc1+ 60. Kh2 Kf2 61. Rc8 f3 62. c5 Rc4 63. Kh3 Rc1 64. Kh2 *

[Event "Championnat de France"]
[Site "Besançon"]
[Date "2006.08.21"]
[Round "7"]
[White "Benmesbah, Natacha"]
[Black "Roumegous, Marina"]
[Result "0-1"]
[WhiteElo "2125"]
[BlackElo "2203"]
[PlyCount "106"]
[EventDate "2006.??.??"]

1. e4 c6 2. c4 d5 3. exd5 cxd5 4. cxd5 Nf6 5. Qa4+ Nbd7 6. Nc3 g6 7. Nf3 Bg7 8.
Bc4 O-O 9. d3 a6 10. Qa3 Nb6 11. Qb3 Qc7 12. Be3 Nbd7 13. a4 b6 14. O-O Nc5 15.
Qd1 Rd8 16. Rc1 Bb7 17. b4 Ncd7 18. Ng5 Qd6 19. Nce4 Nxe4 20. Nxe4 Qb8 21. Qb3
h6 22. d6 e6 23. Bxe6 fxe6 24. Qxe6+ Kh7 25. Rc7 Bxe4 26. dxe4 Ra7 27. Rfc1 Nf8
28. Qd5 Rd7 29. Rxa7 Qxa7 30. e5 Qb8 31. f4 b5 32. a5 Qe8 33. Qc6 g5 34. Qc2+
Kh8 35. g3 gxf4 36. gxf4 Qe6 37. Re1 Bxe5 38. fxe5 Rg7+ 39. Kf1 Qh3+ 40. Ke2
Rg2+ 41. Kd1 Rxc2 42. Kxc2 Kh7 43. Kd3 Qf5+ 44. Kd4 Qg4+ 45. Kc5 Nd7+ 46. Kc6
Nxe5+ 47. Kb6 Qxb4 48. Rd1 Nc4+ 49. Kc6 Ne5+ 50. Kb6 Qb3 51. Re1 Qd5 52. Kxa6
b4 53. Bb6 Qxd6 0-1

17.
b4 $16 Ncd7 18. Ng5 (18. Re1 $16 Qd6 19. Qb3 Rac8 20. Ne4 Nxe4 21. dxe4 $16)
18... Qd6 19. Nce4 Nxe4 20. Nxe4 Qb8 21. Qb3 h6 22. d6 $36 (22. f4 $5 $16)
22... e6 23. Bxe6 $5 fxe6 24. Qxe6+ Kh7 25. Rc7 $1 Bxe4 26. dxe4 Ra7 27. Rfc1
Nf8 28. Qd5 Rd7 29. Rxa7 Qxa7 30. e5 (30. Rc8 $18 Qb7 (30... Rf7 31. f4 $1) 31.
Qxb7 Rxb7 32. Rc7 Rb8 33. f4 $18) 30... Qb8 31. f4 b5 32. a5 Qe8 33. Qc6 $2 (
33. Rc7 $18 g5 $1 34. Rxd7 Qxd7 35. Qe4+ Ng6 $8 36. e6 $3 Qxd6 37. f5 $18 {
Diagramme #} 37... Ne5 $1 38. f6+ Kg8 39. e7 $3 Qd1+ $8 40. Kf2 Ng4+ {
Diagramme #} 41. Qxg4 Qxg4 42. e8=Q+ Bf8 43. Qg6+ Kh8 44. f7 Bg7 45. g3 Qxb4
46. Bxg5 $1 Qb2+ 47. Kf1 $1 $18) 33... g5 34. Qc2+ (34. Qe4+ $16) 34... Kh8 35.
g3 $2 (35. Qc8 Rd8 36. Qc6 $14) 35... gxf4 36. gxf4 Qe6 $6 (36... Rxd6 $1 $15)
37. Re1 $4 (37. Bf2 $1 Qg4+ 38. Bg3 h5 $1 39. Qd1 Qg6 40. Qc2 Qg4 $11) 37...
Bxe5 $1 $17 38. fxe5 $2 Rg7+ 39. Kf1 Qh3+ 40. Ke2 Rg2+ {Diagramme #} 41. Kd1 (
41. Bf2 Rxf2+ 42. Kxf2 Qxh2+ $19) 41... Rxc2 42. Kxc2 $19 Kh7 43. Kd3 Qf5+ 44.
Kd4 Qg4+ 45. Kc5 Nd7+ 46. Kc6 Nxe5+ 47. Kb6 Qxb4 48. Rd1 Nc4+ 49. Kc6 Ne5+ 50.
Kb6 Qb3 51. Re1 Qd5 52. Kxa6 b4 53. Bb6 Qxd6 0-1